Skin sensitization in chemical risk assessment (Record no. 25565)
[ view plain ]
| 000 -LEADER | |
|---|---|
| fixed length control field | 01762nam a2200433Ia 4500 |
| 245 00 - TITLE STATEMENT | |
| Title | Skin sensitization in chemical risk assessment |
| 260 ## - PUBLICATION, DISTRIBUTION, ETC. (IMPRINT) | |
| Place of publication | Geneva, Switzerland : |
| Name of publisher | World Health Organization, |
| Year of publication | c2008. |
| 300 ## - PHYSICAL DESCRIPTION | |
| Number of Pages | iv, 85 p. : |
| Other physical details | ill. |
| 490 1# - SERIES STATEMENT | |
| Series statement | Harmonization Project document ; |
| 500 ## - GENERAL NOTE | |
| General note | "IPCS International Programme on Chemical Safety". |
| 650 #0 - SUBJECT ADDED ENTRY--TOPICAL TERM | |
| Topical Term | Chemicals |
| Topical Term | Chemicals |
| Topical Term | Skin tests. |
| Topical Term | Toxicology. |
| Topical Term | Health risk assessment. |
| 700 1# - ADDED ENTRY--PERSONAL NAME | |
| Personal name | Loveren, Hendrik van, |
| 856 40 - ELECTRONIC LOCATION AND ACCESS | |
| Uniform Resource Identifier | http://site.ebrary.com/lib/rucke/Doc?id=10266344 |
No items available.
